Giáo trình nguyên lý các hệ điều hành
Giới thiệu chung về hệ điều hành. Điều khiển dữ liệu, điều khiển bộ nhớ, điều khiển CPU và quá trình. Một số nét về hệ thống máy tính đa xử lý và hệ điều hành phân tán
Na minha lista:
| Autor principal: | |
|---|---|
| Formato: | Livro |
| Idioma: | Vietnamese |
| Publicado em: |
H.
Khoa học và Kỹ thuật
2003
|
| Assuntos: | |
| Tags: |
Adicionar Tag
Sem tags, seja o primeiro a adicionar uma tag!
|
| Thư viện lưu trữ: | Mạng thư viện Đại học Đà Nẵng |
|---|
| LEADER | 01281aam a22003738a 4500 | ||
|---|---|---|---|
| 001 | 000023497 | ||
| 003 | 19949 | ||
| 005 | 20151216081249.0 | ||
| 008 | 151216s2003 viesd | ||
| 020 | |c 19000đ |d 700b | ||
| 041 | |a vie | ||
| 082 | 1 | 4 | |2 14 |a 005.4 |b HA-T |
| 084 | |a F973.2-018z73 | ||
| 084 | |b GI000T | ||
| 100 | 0 | |a Hà Quang Thuỵ | |
| 245 | |a Giáo trình nguyên lý các hệ điều hành |c Hà Quang Thuỵ | ||
| 260 | |a H. |b Khoa học và Kỹ thuật |c 2003 | ||
| 300 | |a 155tr. |b hình vẽ |c 24cm | ||
| 504 | |a Thư mục: tr. 155 | ||
| 520 | |a Giới thiệu chung về hệ điều hành. Điều khiển dữ liệu, điều khiển bộ nhớ, điều khiển CPU và quá trình. Một số nét về hệ thống máy tính đa xử lý và hệ điều hành phân tán | ||
| 650 | 7 | |2 Bộ TK TVQG |a Hệ điều hành | |
| 650 | 7 | |2 Bộ TK TVQG |a Điều khiển | |
| 650 | 7 | |2 Bộ TK TVQG |a Nguyên lí | |
| 650 | 7 | |2 Bộ TK TVQG |a Dữ liệu | |
| 650 | 7 | |2 Bộ TK TVQG |a Bộ nhớ | |
| 655 | 7 | |2 Bộ TK TVQG |a Giáo trình | |
| OWN | |a LSP | ||
| 999 | |a From the UDN01 | ||
| TYP | |a Monograph | ||
| TYP | |a Printed language | ||
| 980 | |a Mạng thư viện Đại học Đà Nẵng | ||